NBA Best players of 21st century - Statistics

General Stats
  • This quiz has been taken 74 times
  • The average score is 16 of 20
Answer Stats
Hint Answer % Correct
1. LeBron James
98%
3. Steph Curry
96%
6. Kevin Durant
95%
2. Kobe Bryant
93%
13. James Harden
89%
4. Tim Duncan
89%
7. Nikola Jokic
88%
8. Russell Westbrook
88%
5. Shaquille O'Neal
86%
10. Dwyane Wade
84%
11. Giannis Antetokounmpo
84%
18. Allen Iverson
82%
9. Dirk Nowitzki
81%
14. Kevin Garnett
81%
16. Chris Paul
77%
12. Kawhi Leonard
77%
15. Steve Nash
70%
19. Joel Embiid
65%
17. Kyrie Irving
60%
20. Ray Allen
47%
No matching quizzes found
Score Distribution
Percent of People with Each Score
Percentile by Number Answered
Your Score History
You have not taken this quiz